000 00595nam a2200205 i 4500
001 65940
003 ES-MaACL
005 20250902030609.0
007 t|
008 040123s1973 sp ||||1| spa d
100 1 _aFustier, M.
_953095
245 1 0 _aVida y muerte de los productos /
_cM. Fustier ; [traducción, F. Cárcamo].
260 _a[Madrid] :
_bGuadiana,
_c[1973]
300 _a140 p. ;
_c18 cm.
490 1 _aLa vida de la empresa
700 1 _aCárcamo, F.
_935090
830 0 3 _aLa vida de la empresa
_9181597
852 _aES-MaACL
_jC-55367
_bR.87691
999 _c65940
_d65940